Astucia, el jefe de los hermanos de la hoja o los charros contrabandistas de la rama / (Registro nro. 82724)
[ vista simple ]
| 000 -LEADER | |
|---|---|
| campo de control de longitud fija | 00677nam a2200205 i 4500 |
| 001 - NÚMERO DE CONTROL | |
| campo de control | 82724 |
| 003 - IDENTIFICADOR DE NÚMERO DE CONTROL | |
| campo de control | ES-MaACL |
| 007 - CAMPO FIJO DE DESCRIPCIÓN FÍSICA--INFORMACIÓN GENERAL | |
| campo de control de longitud fija | t| |
| 008 - DATOS DE LONGITUD FIJA--INFORMACIÓN GENERAL | |
| campo de control de longitud fija | 041111s1973 mx ||||1| spa d |
| 100 1# - ENTRADA PRINCIPAL--NOMBRE DE PERSONA | |
| Nombre de persona | Inclán, Luis G. |
| 9 (RLIN) | 65243 |
| 245 10 - MENCIÓN DEL TÍTULO | |
| Título | Astucia, el jefe de los hermanos de la hoja o los charros contrabandistas de la rama / |
| Mención de responsabilidad, etc. | Luis G. Inclán ; prólogo de Salvador Novo. |
| 250 ## - MENCION DE EDICION | |
| Mención de edición | 3ª ed. |
| 260 ## - PUBLICACIÓN, DISTRIBUCIÓN, ETC. | |
| Lugar de publicación, distribución, etc. | México : |
| Nombre del editor, distribuidor, etc. | Porrúa, |
| Fecha de publicación, distribución, etc. | 1973. |
| 300 ## - DESCRIPCIÓN FÍSICA | |
| Extensión | XIX, 540 p. ; |
| Dimensiones | 22 cm. |
| 490 1# - MENCIÓN DE SERIE | |
| Mención de serie | Sepan cuantos... ; |
| Designación de volumen o secuencia | 63 |
| 700 1# - ENTRADA AGREGADA--NOMBRE PERSONAL | |
| Nombre de persona | Novo, Salvador, |
| Fechas asociadas al nombre | 1904-1974 |
| 9 (RLIN) | 86083 |
| 830 00 - PUNTO DE ACCESO ADICIONAL DE SERIE-TÍTULO UNIFORME | |
| Título uniforme | Sepan cuantos_ |
| Designación de volumen o secuencia | 63 |
| 9 (RLIN) | 180801 |
| 852 ## - LOCALIZACIÓN | |
| Ubicación | ES-MaACL |
| Número de control de estantería | E-9390 |
| Sublocalización o colección | R.93826 |
| Estatus retirado | Estado de pérdida | Estado de daño | No para préstamo | Biblioteca de origen | Biblioteca actual | Ubicación en estantería | Fecha de adquisición | Fuente de adquisición | Total de préstamos | Signatura topográfica completa | Código de barras | Visto por última vez | Precio de reemplazo | Tipo de ítem Koha |
|---|---|---|---|---|---|---|---|---|---|---|---|---|---|---|
| Biblioteca del Ateneo de Madrid | Biblioteca del Ateneo de Madrid | Depósito 2 | 17/01/2008 | E-9390 | 1086455 | 23/02/2023 | 23/02/2023 | Libro impreso |
